| 000 | 00365cam a22001217a 4500 | ||
|---|---|---|---|
| 008 | 180718b1962 xxu||||| |||| 00| 0 eng d | ||
| 082 | _aI9 In2 | ||
| 100 | _aFriedmann, W. | ||
| 245 |
_aAdministrative law in a changing world _cBy W. Friedmann |
||
| 260 |
_aNew Delhi _bIndian Institute of Public Administration _c1962 |
||
| 300 | _a11p. | ||
| 650 | _aAdministrative Law | ||
| 999 |
_c500471 _d500471 |
||